History Quiz

Random History or Alphabet Quiz

Reverse Alphabet: History Quiz Stats

 Plays Quiz Updated Jan 16, 2018

Score 0/26 Timer 06:00
2 Plays Today
Question Answer Wrong Answers
*V*
Click the British monarch who ruled
from 1837 until 1901
Victoria
95.6%
Victor
1.6%
Violet
0.3%
Vincent
0.9%
*G*
Click the last name of Dutch painter, 1853-1890:
Vincent van ____
Gogh
94.4%
Gohg
1%
Goff
0.3%
Goog
0.2%
*D*
Click the World War II battle in 1940,
which is also the name of a 2017 movie
Dunkirk
94.2%
Denver
0.4%
Des Moines
0.5%
Dubai
0.5%
*Z*
Click the name of Mexican revolutionary
Emiliano _____ Salazar
Zapata
93.9%
Zinga
3.3%
Zigzag
0.7%
Zapper
1.8%
*J*
Click the British explorer who died in 1779 after
attempting to kidnap a Hawaiian chief: _____ Cook
James
93.4%
Jiminy
1.1%
Jones
0.8%
Joan
0.8%
*F*
Click the Archduke whose assassination
in 1914 was a catalyst for World War I
Franz Ferdinand
93.2%
Frank Lloyd Wright
0.6%
Franz Schubert
0.8%
Francis Drake
1.2%
*U*
Click the modern-day country which was
once part of the Mongol Empire
Uzbekistan
92.1%
Uganda
3.6%
Uruguay
1.5%
United Kingdom
0.9%
*I*
Click the Catholic tribunal against heretics,
1478-1834: The Spanish _____
Inquisition
91.6%
Imposition
0.8%
Inquestion
3.4%
Indiscretion
0.3%
*M*
Click the name of French Impressionist, 1840-1926:
Claude _____
Monet
91.1%
Manet
4%
Madison
0.3%
Maude
0.9%
*K*
Click the name of the 7th Secretary-General of the UN:
____ Annan
Kofi
90.6%
Kanye
3%
Kenya
2.1%
Kangaroo
0.4%
*C*
Click the name of French naval officer, explorer, and scientist
who co-developed the Aqua-lung: Jacques _______
Cousteau
90.4%
Carter
2.6%
Chamberlain
1.8%
Cook
0.8%
*A*
Click the post-World War II
art movement in American painting
Abstract Expressionism
90.4%
Absolute Eroticism
1.2%
Angular Dada
2.9%
American Earworms
1%
*L*
Click the name of US civil rights activist
and Baptist minister: Martin ______ King Jr.
Luther
90%
Luthor
6%
Luxor
0.1%
Leroy
0.1%
*T*
Click the Greco-Persian conflict of 480BC:
The Battle of _______
Thermopylae
89.9%
Thermonuclear
0.5%
Thermodynamics
1.3%
Thermos
6.2%
*E*
Click the armed insurrection in Ireland, April 1916:
The ______ Rising
Easter
89.4%
Earliest
1.1%
Eritrea
2.2%
Esther
3%
*Y*
Click the 1945 meeting between Churchill, Roosevelt and Stalin:
The _____ Conference
Yalta
89.1%
Yamoussoukro
0.9%
Yeti
1.4%
Yugoslav
8.3%
*P*
Click the term given to the political
liberalization of Czechoslovakia in 1968
Prague Spring
82.8%
Plague Spring
1.8%
Polish Spring
10.9%
Punjab Spring
1.3%
*H*
Click the Greek historian
often referred to as 'The Father of History'
Herodotus
81.6%
Herod
11.7%
Hamlet
1.3%
Harold
1.3%
*W*
Click the 1840 agreement between British and Māori:
The Treaty of ________
Waitangi
80.1%
West Coast
3.9%
Warlords
5%
Washington
9.6%
*R*
Click the empire which, at its height under Trajan,
covered 5 million square kilometers
Roman Empire
79.7%
Romanian Empire
6.9%
Russian Empire
7.1%
Rwandan Empire
3.4%
*B*
Click the middle name of 38th US President
Lyndon B. Johnson
Baines
77.6%
Bailee
3.2%
Barnes
11.6%
Barbara
3.2%
*O*
Click the earliest known major civilization in Mexico,
which emerged around 1600 BCE
Olmec
76%
Ouagadougou
17.4%
Oddfellows
0.6%
Orion
2.5%
*X*
Click the name of Chinese revolutionary and statesman:
Deng ________ (1904-1997)
Xiaoping
69.3%
Xedong
28.3%
Xanax
1%
Xylitol
0.6%
*Q*
Click the site of a famous 1775 battle
in the American Revolutionary War
Quebec
67.9%
Qiqihar
4.5%
Queensland
14.2%
Querétaro
10.4%
*S*
Click the 1720 UK-based stock and trade scam:
The _____ Bubble
South Sea
65.3%
Simplistic
9.4%
Shelob
19.4%
Seaworld
3.5%
*N*
Click the codename for the D-Day landings
in France, 1944: Operation ______
Neptune
61.4%
Norman
27.6%
Newt
2.5%
Nickelback
5%

You're not logged in!

Compare scores with friends on all Sporcle quizzes.
OR
Log In

You Might Also Like...

Show Comments

Extras

Top Quizzes Today


Score Distribution

Your Account Isn't Verified!

In order to create a playlist on Sporcle, you need to verify the email address you used during registration. Go to your Sporcle Settings to finish the process.

Report this User

Report this user for behavior that violates our Community Guidelines.

Details: